Movie Pictures Starting with P - Statistics

General Stats
  • This quiz has been taken 94 times
  • The average score is 15 of 36
Answer Stats
Picture Answer % Correct
Pirates of the Caribbean
93%
Paddington
91%
Pulp Fiction
84%
Predator
80%
Pretty Woman
70%
Pride and Prejudice
70%
Psycho
69%
The Parent Trap
68%
The Princess Bride
61%
Pitch Perfect
60%
Parasite
58%
Percy Jackson
56%
Platoon
53%
The Princess Diaries
51%
Point Break
46%
The Purge
44%
Pixels
43%
The Proposal
43%
Pans Labyrinth
41%
Paul
38%
The Perks of Being a Wallflower
35%
Pearl
33%
Poor Things
31%
The Pink Panther
31%
The Prestige
26%
Pleasantville
21%
Prometheus
21%
Prey
19%
Pitch Black
18%
The Platform
15%
Payback
9%
Pet Sematary
8%
Psych The Movie
8%
Pump Up the Volume
8%
The Prince and Me
5%
Playing With Fire
4%
No matching quizzes found
Score Distribution
Percent of People with Each Score
Percentile by Number Answered
Your Score History
You have not taken this quiz